01256nam a2200325 a 450000100060000000300080000600500170001400800410003103500190007203500220009103500180011303500220013103800120015304000260016504100080019108200310019909000180023010000340024824501410028226000730042330000200049649000250051665000510054170000330059270000350062583000850066094200120074599900170075795201560077461861BD-RjUL20211209081017.0170122s1957 pk 000 0 eng d a(BD-RjUL)61985 a(UkLSE)x212333940 a(UkLSE)398543 a(UkLCURL)11398543 aUkLCURL aBD-RjULbengcBD-RjUL aeng 223a339.42095491bSEF 1957 aLSEbHD6/E1631 aSethi, Mushtaq Ahmed.918416910aFamily budgets of the low-paid employees of educational institutions in six selected towns of former N-W.F.P. /cby Mushtaq Ahmed Sethi. aPeshawar :bUniversity of Peshawar, Board of Economic Enquiry,c1957 a26 p. ;c25 cm.1 aPublications ;vNo.1 0aCost and standard of livingzPakistan.9184170 aIdris, S. M., editor9184171 aAshraf, Khalid, editor9184172 0aPublication (University of Peshawar. Board of Economic Enquiry) ;vno. 19184176 2ddccBK c61861d61861 00102ddc40718NFICaRUCLbRUCLcReadingd1961-06-30ePaswar United Board of Eco.l0o339.42095491 SEF 1957r2017-01-22 00:00:00tC-1w2017-01-22yBK